Orbias (Registo nº 1077)
[ vista simples ]
| 000 -Etiqueta do registo | |
|---|---|
| Cabeçalho | 00727nam0a2200265 n 4500 |
| 005 - Identificador da versão | |
| Campo de controlo | 20240813121825.0 |
| 010 ## - Número internacional normalizado dos livros (ISBN) | |
| Número (ISBN) | 9789724619026 |
| 021 ## - Número do Depósito Legal | |
| Código do país | PT |
| Número | 296 497/09 |
| 100 ## - Dados gerais de processamento | |
| Dados gerais de processamento | 20150810d2009 a y0pory5003 ba |
| 102 ## - Pais de publicação ou produção | |
| País de publicação | Portugal |
| 101 0# - Língua de publicação | |
| Língua do texto, banda sonora, etc. | Português |
| 215 ## - Descrição física | |
| Indicação específica da natureza do documento e extensão da espécie | 2 vol. |
| 200 1# - Titulo e menção de responsabilidade | |
| Título próprio | Orbias |
| Primeira menção de responsabilidade | Fábio Ventura |
| 205 ## - Menção da edição | |
| Menção da edição | 1ª ed |
| 210 ## - Publicação, Distribuição, etc. | |
| Lugar da edição, distribuição, etc. | Alfragide |
| Nome do editor, distribuidor, etc. | Casa das Letras |
| Data da publicação, distribuição, etc. | 2009 |
| 517 ## - Outras variantes do título | |
| Variant Title | <As >guerreiras da deusa.Vol. 1 |
| Variant Title | <O >demónio branco. Vol. 2 |
| 606 ## - Nome comum usado como assunto | |
| Número de registo de entrada de autoridade | 0002393 |
| Palavra de ordem | Literatura portuguesa |
| Subdivisão de assunto | Fantasias |
| -- | Fantástico |
| Código do sistema | CA |
| 675 ## - Classificação Decimal Universal (CDU) | |
| Notação | 821.134.3-312.9 |
| 700 #1 - Nome de autor-pessoa física (responsabilidade principal) | |
| Número de registo de entrada de autoridade | 0001449 |
| Palavra de ordem | Ventura |
| Outra parte do nome não tomada para palavra de ordem | Fábio |
| Datas | 1986- |
| 966 ## - Identificação da Biblioteca | |
| Sigla | EB2,3ENM |
| 942 ## - Elementos de entrada adicionados (Koha) | |
| Tipo de item no Koha | Livro |
| Situação do levantamento | Origin of item (home branch) (coded) | Biblioteca de empréstimo | Código de barras | Cota | Data de devolução | Circulation type (not for loan) | Tipo de documento | Nota do exemplar | Damaged status |
|---|---|---|---|---|---|---|---|---|---|
| Biblioteca Escolar Eng. Nuno Mergulhão | Biblioteca Escolar Eng. Nuno Mergulhão | BENM1962 | 82LP-3 VEN | Livro | Sem mensagem | ||||
| Biblioteca Escolar Eng. Nuno Mergulhão | Biblioteca Escolar Eng. Nuno Mergulhão | BENM1963 | 82LP-3 VEN | Livro | Sem mensagem | ||||
| Biblioteca Escolar Eng. Nuno Mergulhão | Biblioteca Escolar Eng. Nuno Mergulhão | BENM1964 | 82LP-3 VEN | Livro | Sem mensagem | ||||
| Biblioteca Escolar Eng. Nuno Mergulhão | Biblioteca Escolar Eng. Nuno Mergulhão | BENM3055 | 82LP-3 VEN | Livro | Sem mensagem |
